000 00322nam a2200133 a 4500
008 980515s1987||||xx 0 und c
040 _aSNK
_bslo
_cSNK
_eAACR2
100 1 _aFiguli, Margita
245 1 0 _aBabylon 1
260 _aBratislava
_bSlovenský spisovateľ
_c1987
020 _c52
044 _axo
_cSK
041 _aslo
999 _c10353
_d10353